000 00394nam a2200145 i 4500
001 bg
100 1 _aDOBOSZ, Jarosław
245 0 _aBadanie i ocena skomputeryzowanych systemów wyszukiwania dokumentów w INTE /
_cJ. Dobosz.
260 _aWarszawa,
_c1985.
040 _cBPK
041 _apol
080 _a002.513.5:681.324(07)
942 _cKS
008 s pl f |000 0 pol
999 _c28409
_d28409
856 _uhttp://koha.tu.koszalin.pl/cgi-bin/koha/opac-detail.pl?biblionumber=28409
_yKatalog online BPK